| 000 | 00898nam a22002297a 4500 | ||
|---|---|---|---|
| 003 | OSt | ||
| 005 | 20250214135430.0 | ||
| 008 | 240902b ||||| |||| 00| 0 eng d | ||
| 040 | _c0 | ||
| 082 | _aDPer 658.8 J826 Winter-Fall 2019 v. 27 n. 1-4 | ||
| 100 |
_aGriffiths, Merlyn A. _eauthor. _959879 |
||
| 245 |
_aContrived surplus and negative externalities in the sharing economy / _cMerlyn A. Griffiths, B. Yasanthi Perera, and Pia A. Albinson. |
||
| 260 |
_aUSA ; _bTaylor & Francis Group, _cFall 2019. |
||
| 300 |
_avolume 27, pages 445-463, _billustration. |
||
| 500 | _aJournal of Marketing Theory and Practice, vol. 27, no. 4, pages 445-463, Fall 2019. | ||
| 650 | 0 |
_aEconomy _913471 |
|
| 650 | 0 |
_aConsumers. _913473 |
|
| 700 |
_aGriffiths, Merlyn A. _eauthor. _959879 |
||
| 700 |
_aPerera, B. Yasanthi. _eauthor. _959880 |
||
| 700 |
_aAlbinson, Pia A. _eauthor. _959881 |
||
| 942 |
_2ddc _cPER |
||
| 999 |
_c21206 _d21206 |
||